000 01662nam a2200205Ia 4500
001 b6791-48852
003 IT-MiCISF
008 161014s9999||||xx |||||||||||||| ||und||
040 _aIT-MiCISF
_cIT-MiCISF
041 _ait
100 _aCiccone Stefano
245 0 _aEssere maschi. Tra potere e libertà
250 _a1a ed.
260 _a Torino
_bRosenberg & Sellier
_c2009
300 _app. 252
500 _a / uomo, identità-maschile, corpo, stupro, prostituzione, abuso-coniugale, violenza-in-famiglia, paternità, maternità, aborto, cura, rapporti-uomo-donna, politica, differenza-sessuale, femminismo / Gli ultimi venti o trent'anni hanno visto mutare in modo radicale i rapporti fra uomini e donne. La grande trasformazione innescata dalle donne ha cambiato anche le vite di molti maschi: si è iniziato a parlare di disagio maschile, e non soltanto fra le generazioni più mature. Secondo alcuni la certezza della propria virilità può essere intaccata dalla nuova libertà femminile, e l'incertezza su di sé produce sofferenza. Nascono inedite rivendicazioni maschili, come nel caso dei padri separati. Forse sta nascendo anche una nuova violenza maschile di tipo reattivo. Ma coglie davvero nel segno l'immagine ricorrente di uomini disorientati dall'intraprendenza femminile nel corteggiamento, o chiusi a difesa della loro posizione nel lavoro? L'A. polemizza contro il vittimismo e il "revanscismo maschile", ma rifiuta allo stesso tempo il volontarismo del "politicamente corretto", e legge la situazione come un'opportunità per gli uomini.
650 _a Identità e genere / uomo
_e003
942 _cBK
957 _71
999 _a48852
_bsi
_g1
_c210217
_d210217